[Event "Helsingor Xtracon op"]
[Site "Helsingor"]
[Date "2019.07.27"]
[Round "9"]
[White "Cramling Bellon, Anna"]
[Black "Markussen, Petter B"]
[Result "1-0"]
[WhiteElo "2030"]
[BlackElo "1873"]
[PlyCount "53"]
[EventDate "2019.07.20"]
[EventType "swiss"]
[EventRounds "10"]
[EventCountry "DEN"]
[SourceTitle "CBM 191 Extra"]
[Source "ChessBase"]
[SourceDate "2019.09.30"]
[SourceVersion "1"]
[SourceVersionDate "2019.09.30"]
[SourceQuality "1"]

1. d4 Nf6 2. c4 g6 3. Nc3 Bg7 4. e4 d6 5. h3 0-0 6. Nf3 e5 7. d5 Nh5 8. g3 f5 9. exf5 gxf5 10. Nh4 Nf4 11. Bd2 a5 12. Rg1 Ng6 13. Nxg6 hxg6 14. h4 Na6 15. Bg5 Bf6 16. Qd2 Bxg5 17. hxg5 Kf7 18. 0-0-0 Qe7 19. f4 Re8 20. Re1 e4 21. Rh1 Kg8 22. Rh6 Qg7 23. Qh2 Nc5 24. Be2 Nd7 25. Nb5 Nf8 26. Nxc7 Qxc7 27. Rh8+ 1-0

[Event "Helsingor Xtracon op"]
[Site "Helsingor"]
[Date "2019.07.26"]
[Round "8"]
[White "Markussen, Petter B"]
[Black "Sidali, Elias Hulleberg"]
[Result "1/2-1/2"]
[WhiteElo "1873"]
[BlackElo "2041"]
[PlyCount "36"]
[EventDate "2019.07.20"]
[EventType "swiss"]
[EventRounds "10"]
[EventCountry "DEN"]
[SourceTitle "CBM 191 Extra"]
[Source "ChessBase"]
[SourceDate "2019.09.30"]
[SourceVersion "1"]
[SourceVersionDate "2019.09.30"]
[SourceQuality "1"]

1. d4 Nf6 2. Bf4 d5 3. e3 c5 4. Nf3 Nc6 5. c3 Qb6 6. Qb3 c4 7. Qxb6 axb6 8. Nbd2 b5 9. Ne5 Bf5 10. Be2 e6 11. 0-0 Nxe5 12. Bxe5 Nd7 13. Bg3 b4 14. e4 dxe4 15. Nxe4 Rc8 16. cxb4 Bxb4 17. Nd6+ Bxd6 18. Bxd6 Nb8 1/2-1/2

[Event "NOR-chT Club"]
[Site "Drammen"]
[Date "2019.05.31"]
[Round "2.2"]
[White "Nilsen, Joachim Birger"]
[Black "Markussen, Petter B"]
[Result "1-0"]
[WhiteElo "2401"]
[BlackElo "1882"]
[PlyCount "69"]
[EventDate "2019.05.30"]
[EventType "team-swiss"]
[EventRounds "6"]
[EventCountry "NOR"]
[SourceTitle "CBM 190 Extra"]
[Source "ChessBase"]
[SourceDate "2019.07.15"]
[SourceVersion "1"]
[SourceVersionDate "2019.07.15"]
[SourceQuality "1"]
[WhiteTeam "Bergens"]
[BlackTeam "Bodo"]
[WhiteTeamCountry "NOR"]
[BlackTeamCountry "NOR"]

1. c4 Nf6 2. Nc3 g6 3. e4 d6 4. d4 Bg7 5. Be2 0-0 6. Nf3 e5 7. 0-0 Nc6 8. d5 Ne7 9. Ne1 Nd7 10. Be3 f5 11. f3 f4 12. Bf2 g5 13. Rc1 Ng6 14. Nb5 b6 15. b4 Rf7 16. c5 Nf6 17. cxd6 cxd6 18. Qc2 Ne8 19. a4 h5 20. h3 Bf8 21. a5 g4 22. fxg4 hxg4 23. Bxg4 Bxg4 24. hxg4 Qg5 25. axb6 Rh7 26. bxa7 Qh6 27. Bb6 Nf6 28. Kf2 Nxg4+ 29. Ke2 Qh2 30. Kd3 f3 31. Nxf3 Qg3 32. Kc3 Nf4 33. Kb2 Nxg2 34. Rg1 Qxf3 35. Qxg2 1-0

[Event "Nordstrand GP A"]
[Site "Oslo"]
[Date "2019.04.07"]
[Round "4"]
[White "Hobber, Anders"]
[Black "Markussen, Petter B"]
[Result "1-0"]
[WhiteElo "2295"]
[BlackElo "1872"]
[PlyCount "141"]
[EventDate "2019.04.05"]
[EventType "swiss"]
[EventRounds "5"]
[EventCountry "NOR"]
[SourceTitle "EXT 2024"]
[Source "ChessBase"]
[SourceDate "2023.10.10"]
[SourceVersion "1"]
[SourceVersionDate "2023.10.10"]
[SourceQuality "1"]

1. d4 Nf6 2. Bf4 g6 3. Nc3 d5 4. e3 Bg7 5. h4 h5 6. Nf3 c5 7. Nb5 Na6 8. c3 cxd4 9. exd4 0-0 10. Be2 Bg4 11. 0-0 Ne8 12. Re1 Nac7 13. a4 Nxb5 14. axb5 Nd6 15. Qb3 e6 16. Qb4 Ne4 17. Ng5 Nxg5 18. Bxg5 Bf6 19. Bxf6 Qxf6 20. Bxg4 hxg4 21. g3 g5 22. hxg5 Qxg5 23. Qd6 Kg7 24. Qe5+ Qxe5 25. dxe5 Rfc8 26. Ra4 Rc5 27. Rxg4+ Kf8 28. Rb4 a5 29. bxa6 bxa6 30. Ra1 a5 31. Raa4 axb4 32. Rxa8+ Kg7 33. cxb4 Rc2 34. Ra2 Rc4 35. Ra4 d4 36. Kg2 Kg6 37. b3 Rc3 38. b5 Rxb3 39. Rxd4 Rxb5 40. Rg4+ Kf5 41. Rf4+ Kg6 42. Rf6+ Kg7 43. f4 Ra5 44. Kh3 Ra1 45. Kg4 Ra4 46. Kg5 Ra3 47. g4 Re3 48. Rh6 Re2 49. Rh1 Re4 50. Ra1 Re2 51. Ra5 Re3 52. Kh4 Re4 53. Kg5 Re3 54. Rb5 Re2 55. Rb3 Re1 56. Rf3 Re2 57. Kh4 Re1 58. Rf2 Re3 59. Ra2 Re1 60. Kg3 Re4 61. Kf3 Re1 62. Rh2 Kg6 63. g5 Ra1 64. Rh6+ Kg7 65. Rf6 Rd1 66. g6 fxg6 67. Rxe6 Rd4 68. Rd6 Ra4 69. Rd7+ Kf8 70. Kg4 Ra6 71. Rd6 1-0

[Event "Nordstrand GP A"]
[Site "Oslo"]
[Date "2019.04.06"]
[Round "3"]
[White "Sidali, Elias Hulleberg"]
[Black "Markussen, Petter B"]
[Result "0-1"]
[WhiteElo "1944"]
[BlackElo "1872"]
[PlyCount "52"]
[EventDate "2019.04.05"]
[EventType "swiss"]
[EventRounds "5"]
[EventCountry "NOR"]
[SourceTitle "EXT 2024"]
[Source "ChessBase"]
[SourceDate "2023.10.10"]
[SourceVersion "1"]
[SourceVersionDate "2023.10.10"]
[SourceQuality "1"]

1. e4 e6 2. d4 d5 3. Nc3 Bb4 4. Nge2 dxe4 5. a3 Bxc3+ 6. Nxc3 Nc6 7. Bb5 Nge7 8. Nxe4 Qd5 9. Qe2 0-0 10. c3 f5 11. Ng3 Qxg2 12. Bf4 Nd5 13. Bxc6 bxc6 14. Be5 f4 15. Qf1 Qf3 16. Qe2 fxg3 17. Qxf3 Rxf3 18. hxg3 Ba6 19. Rh2 Ne3 20. Ra2 Ng4 21. Rg2 Raf8 22. Bxc7 Nxf2 23. Bf4 Ne4 24. Re2 Nxg3 25. Bd6 Bc4 26. b3 Rf1+ 0-1

[Event "Oslo op"]
[Site "Fornebu"]
[Date "2017.10.04"]
[Round "7"]
[White "Markussen, Petter B"]
[Black "Nordquelle, Daniel"]
[Result "1-0"]
[WhiteElo "1756"]
[BlackElo "2203"]
[PlyCount "77"]
[EventDate "2017.09.29"]
[EventType "swiss"]
[EventRounds "10"]
[EventCountry "NOR"]
[SourceTitle "CBM 181 Extra"]
[Source "ChessBase"]
[SourceDate "2017.12.12"]
[SourceVersion "1"]
[SourceVersionDate "2017.12.12"]
[SourceQuality "1"]

1. e4 c5 2. Nc3 d6 3. g3 Nc6 4. Bg2 g6 5. d3 Bg7 6. Nh3 e6 7. Bd2 Nge7 8. Qc1 h6 9. 0-0 Rb8 10. f4 f5 11. Ne2 d5 12. e5 d4 13. Nf2 0-0 14. Kh1 Nd5 15. g4 Nce7 16. Ng3 b5 17. Rg1 Bb7 18. Qe1 c4 19. Qe2 c3 20. bxc3 Nxc3 21. Bxc3 dxc3 22. Bxb7 Rxb7 23. Rg2 Qd5 24. gxf5 exf5 25. Nd1 Qc5 26. Ne3 Nc6 27. Qf3 Rd7 28. Ne2 g5 29. d4 g4 30. Nxg4 fxg4 31. Qxg4 Qe7 32. f5 Nxd4 33. Nxd4 Qxe5 34. f6 Qxd4 35. Qe6+ Kh8 36. fxg7+ Rxg7 37. Qxh6+ Kg8 38. Rxg7+ Qxg7 39. Rg1 1-0